000 00896cam a22002894a 4500
001 5496080
003 ARRUPE
005 20150313163913.0
008 050913s2004 rh ab b 000 0 eng
010 _a 2005328489
020 _a0908307810
035 _a(OCoLC)ocm62118561
035 _a(NNC)5496080
040 _aDLC
_cDLC
_dINU
042 _alcode
043 _af-sa---
050 _aHD8801.
_bM695 2004
100 1 _aMpofu, Elias.
_915526
245 1 4 _aThe labour history of South Africa in source materials (1806-1940) /
_cElias Mpofu.
260 _aMount Pleasant, Harare, Zimbabwe :
_bUniversity of Zimbabwe Publications,
_c2004.
300 _axi, 137 p. :
_bill., maps ;
_c23 cm.
650 0 _aLabor movement
_zSouth Africa
_xHistory.
_xSources.
_915527
942 _2lcc
_cMONOGRAPH
948 1 _a20060124
_bc
_cpg2032
_dMPS
948 2 _a20090218
_ba
_cdc21
_dMPS
999 _c122190
_d122190